Responses for Show #2387 - Tuesday, January 10, 1995

Contestants

Doug Carey, an attorney from Longwood, Florida

Jeff Coulson, an elementary school teacher from Lancaster, Pennsylvania

Virginia Dietrich, an attorney from Trenton, New Jersey (whose 1-day cash winnings total $21,900)

[next game >>]

Jeopardy! Round responses

MUSIC
TELEVISION
ANNUAL EVENTS
FINAL RESTING PLACES
CASES & CARRIERS
(Alex: That's interesting!)
COMMON BONDS
    $100 11
snare drum

Virginia
    $100 4
Northern Exposure

Jeff
    $100 23
Louisiana

Doug
    $100 18
Paris

Jeff
    $100 16
saddlebags

Doug
    $100 1
boards

Virginia
    $200 12
a natural

Virginia
    $200 5
Phil's

Triple Stumper
    $200 24
Easter

Jeff
    $200 19
Karl Marx

Jeff
    $200 17
attache

Doug
    $200 2
sticks

Virginia
    $300 13
piano

Virginia
    $300 6
Cesar Romero

Doug
    $300 25
Dwight Eisenhower

Virginia
    $300 20
the Maine

Jeff
    $300 28
green & yellow

Virginia
    $300 3
cones

Jeff
    $400 14
guitar

Jeff
    $400 7
Sky King

Jeff
    $400 26
Puerto Rico

Virginia
    $400 21
Emily Dickinson

Virginia
    $400 29
food

Triple Stumper
    $400 9
operas

Doug
    $500 15
sotto voce

Virginia
    $500 8
(Jeff: Who was Garry Moore?)

Bill Cullen

JeffDoug
    $500 27
Sapporo

Doug
    $1,000 22
(Virginia: What is Palo Alto?)

Yorba Linda

Virginia
    $500 30
Saratoga (Springs)

Jeff
    $500 10
(Doug: What is a train?)

boats

JeffDoug

Scores at the first commercial break (after clue 15):

Virginia Jeff Doug
$1,400 $1,200 $700

Scores at the end of the Jeopardy! Round:

Virginia Jeff Doug
$1,800 $2,500 $1,600

Double Jeopardy! Round responses

1968
ARCHITECTURE
MYTHOLOGY
SHAW
"OF"
IRAN
    $200 16
Tet

Doug
    $200 26
concrete

Doug
    $200 2
Romulus

Virginia
    $200 21
"Pygmalion"

Virginia
    $200 1
of thee I sing

Jeff
    $200 11
oil/petroleum

Virginia
    $400 17
draft cards

Virginia
    $400 27
I.M. Pei

Jeff
    $400 3
Hera

Virginia
    $400 22
Androcles

Virginia
    $400 7
(Alex: From "Casablanca.")

a hill of beans

Virginia
    $400 12
ayatollah

Doug
    $600 18
Mexico City

Doug
    $600 28
New Delhi

Virginia
    $600 4
Paris

Jeff
    $600 23
World War I

Jeff
    $600 8
kettle of fish

Virginia
    $600 13
(Virginia: What is Yalta?)

Tehran

VirginiaDoug
    $800 19
Jesse Jackson

Jeff
    $800 29
(Virginia: What is....um [time]?)

the Secretariat

Virginia
Triple Stumper
    $800 5
(Virginia: What is the Argonaut?)
(Jeff: What is the Argus?)

Argo

VirginiaJeffDoug
    $2,300 24
Joan of Arc

Jeff
    $800 9
horn of plenty

Virginia
    $1,000 14
Caspian Sea

Doug
    $1000 20
(Virginia: Who was Stephen Day-Lewis?)

Cecil Day-Lewis

Virginia
Triple Stumper
    $1000 30
Albert Speer

Doug
    $1000 6
Eurydice

Virginia
    $1000 25
"Major Barbara"

Triple Stumper
    $1000 10
the lilies of the field

Virginia
    $1000 15
Allah

Doug

Scores at the end of the Double Jeopardy! Round:

Virginia Jeff Doug
$4,800 $6,600 $7,400

[wagering suggestions for these scores]

Final Jeopardy! Round responses

BOOKS & AUTHORS
VirginiaWho was Einstein?
$4,600
JeffWho was Asimov?
$6,599
DougWho was Einstein?
$5,801
Albert Einstein

Final scores:

Virginia Jeff Doug
$9,400 $1 $13,201
2nd place: Bose speaker/stereo system 3rd place: Ascot International travel goods New champion: $13,201

Game dynamics:

Coryat scores:

Virginia Jeff Doug
$5,800 $5,100 $7,200
22 R,
5 W
(including 1 DD)
16 R
(including 1 DD),
2 W
16 R
(including 1 DD),
1 W

Combined Coryat: $18,100

[game clues] [game scores] [suggest correction]

Game tape date: 1994-10-25
The J! Archive is created by fans, for fans. Scraping, republication, monetization, and malicious use prohibited; this site may use cookies and collect identifying information. See terms. The Jeopardy! game show and all elements thereof, including but not limited to copyright and trademark thereto, are the property of Jeopardy Productions, Inc. and are protected under law. This website is not affiliated with, sponsored by, or operated by Jeopardy Productions, Inc. Join the discussion at JBoard.tv.